Statistics for Every Ja Rule song that hit the Billboard hot 100

Click here to take the quiz!

General Stats

  • This quiz has been taken 7 times
  • The average score is 5 of 17

Answer Stats

Peak Chart PositionYearSong% Correct
112000Between Me And You
43%
422002Thug Lovin'
43%
22003Mesmerize
43%
62001Livin' It Up
43%
62002Down 4 U
43%
82001Put It On Me
43%
12002Always On Time
43%
351999Holla Holla
29%
402001I Cry
29%
12001I'm Real
29%
12002Ain't It Funny
29%
191999Can I Get A...
14%
272005New York
14%
122002Rainy Dayz
14%
52004Wonderful
14%
442003Clap Back
14%
212002Down A** Chick
0%

Score Distribution

Percentile by Number Answered

Percent of People with Each Score

Your Score History

You have not taken this quiz